LEADER 00999nam 2200361 450 001 9910136344003321 005 20221010181512.0 010 $a953-51-7049-X 010 $a953-51-0866-2 035 $a(CKB)3780000000053648 035 $a(NjHacI)993780000000053648 035 $a(EXLCZ)993780000000053648 100 $a20221010d2012 uy 0 101 0 $aeng 135 $aur||||||||||| 181 $ctxt$2rdacontent 182 $cc$2rdamedia 183 $acr$2rdacarrier 200 00$aHistopathology $eReviews and Recent Advances /$fedited by Enrique Poblet Martinez 210 1$aRijeka :$cInTech,$d2012. 210 4$dİ2012 215 $a1 online resource (xi, 302 pages) $cillustrations 517 $aHistopathology 606 $aPathology 615 0$aPathology. 676 $a616.07 702 $aMartinez$b Enrique Poblet 801 0$bNjHacI 801 1$bNjHacl 906 $aBOOK 912 $a9910136344003321 996 $aHistopathology$9796258 997 $aUNINA